|
|
|
|
| LEADER |
01024nam a2200325 a 4500 |
| 001 |
000042116 |
| 003 |
9256 |
| 005 |
20190731091518.0 |
| 008 |
171030s2000 |
| 020 |
|
|
|a 0415202965
|
| 040 |
|
|
|a lnn
|c lnn
|d lnn
|
| 041 |
0 |
|
|a eng
|
| 082 |
1 |
4 |
|a 403
|b CA-G
|
| 100 |
1 |
|
|a Campbell, George L.
|
| 245 |
0 |
0 |
|a Compendium of the world's languages.
|n V.1 :
|p Abaza to Kurdish /
|c George L. Campbell.
|
| 250 |
|
|
|a 2nd ed.
|
| 260 |
|
|
|a London ; New York :
|b Routledge,
|c 2000.
|
| 300 |
|
|
|a 2 v. (xxvi, 1854 p.). ;
|c 24cm.
|
| 630 |
0 |
4 |
|a Languages.
|
| 650 |
0 |
4 |
|a Language and languages.
|
| OWN |
|
|
|a LNN
|
| AVA |
|
|
|a UDN50
|b LNN
|c English
|e available
|t Error 5001 Not defined in file expand_doc_bib_avail.
|f 2
|g 0
|h N
|i 0
|j AN
|
| 999 |
|
|
|a From the UDN01
|
| AVA |
|
|
|a UDN50
|b LNN
|c English
|e available
|t Error 5001 Not defined in file expand_doc_bib_avail.
|f 2
|g 0
|h N
|i 0
|j AN
|
| TYP |
|
|
|a Monograph
|
| TYP |
|
|
|a Printed language
|
| 980 |
|
|
|a Mạng thư viện Đại học Đà Nẵng
|